Společná zemědelská politika EU: vznik, vývoj a reformy, mezinárodní komparace

Saved in:
Bibliographic Details
Main Author: Neumann, Pavel
Corporate Author: Vysoká škola ekonomická v Praze. Fakulta mezinárodních vztahů
Format: Book
Language:Czech
Published: Praha Oeconomica, Nakladatelství VŠE 2004
Subjects:
Tags: Add Tag
No Tags, Be the first to tag this record!

MARC

LEADER 00000nam$a2200000$$$4500
001 0041237
005 20240223112243.0
020 |a 80-245-0814-1 
041 0 |a cze 
044 |a CZ 
245 1 0 |a Společná zemědelská politika EU: vznik, vývoj a reformy, mezinárodní komparace  |c Pavel Neumann 
264 1 |a Praha  |b Oeconomica, Nakladatelství VŠE  |c 2004 
300 |a 66 s. 
610 2 0 |a politika poľnohospodárska 
610 2 0 |a Európska únia 
610 2 0 |a integrácia ekonomická medzinárodná 
610 2 0 |a reformy poľnohospodárske 
610 2 0 |a porovnanie medzinárodné 
610 2 0 |a Česko 
100 1 |a Neumann, Pavel 
710 2 |a Vysoká škola ekonomická v Praze. Fakulta mezinárodních vztahů